000 00524nam a2200217Ia 4500
008 210210b2009 xxu||||| |||| 00| 0 eng d
020 _a9780521676427
041 _aeng
082 _a322.42 FORT
100 _aFORST (Brian)
245 _aTerrorism crime and public policy
260 _aCambridge
_bCambridge University Press
_c2009
300 _axxiv,495
650 _aTerrorism
650 _apublic
650 _apolicy
650 _acrime
650 _aand
690 _aRelation of State
906 _a069149
999 _c153259
_d153259